[Event "1st Autumn"]
[Site "Alushta UKR"]
[Date "2004.08.31"]
[Round "5"]
[White "Malaniuk,V"]
[Black "Neelotpal,D"]
[Result "1-0"]
[WhiteElo "2555"]
[BlackElo "2448"]
[EventDate "2004.08.28"]

1. d4 d5 2. c4 c6 3. e3 Nf6 4. Nf3 a6 5. Bd3 Bg4 6. Nbd2 e6 7. O-O Nbd7 8.
Qc2 Bd6 9. b3 O-O 10. Bb2 Qb8 11. h3 Bh5 12. Ng5 Bg6 13. Bxg6 hxg6 14. e4
Bf4 15. Ndf3 dxc4 16. Qxc4 b5 17. Qe2 b4 18. g3 Bxg5 19. Nxg5 Qb5 20. Qxb5
axb5 21. a3 bxa3 22. Bxa3 Rfc8 23. Bb4 e5 24. Rxa8 Rxa8 25. dxe5 Nxe5 26.
Rd1 Ned7 27. Bd6 Re8 28. Rc1 Nxe4 29. Nxe4 Rxe4 30. Rxc6 Ne5 31. Rb6 Nf3+
32. Kg2 Nd4 33. b4 Kh7 34. Bc5 Ne6 35. Rxb5 Re5 36. Ra5 Nxc5 37. Rxc5 Re1
38. b5 Rb1 39. Kf3 f6 40. Ke3 g5 41. Kd3 Rb2 42. Kc3 Rxf2 43. b6 Rf1 44.
Rb5 Rc1+ 45. Kd4 Rc8 46. b7 Rb8 47. Kd5 f5 48. Kc6 1-0

[Event "1st Autumn"]
[Site "Alushta UKR"]
[Date "2004.08.31"]
[Round "5"]
[White "Khurtsidze,N"]
[Black "Annageldyev,O"]
[Result "0-1"]
[WhiteElo "2391"]
[BlackElo "2458"]
[EventDate "2004.08.28"]

1. d4 Nf6 2. c4 e6 3. Nc3 Bb4 4. e3 b6 5. Bd3 Bb7 6. Nf3 O-O 7. Qc2 c5 8.
a3 Bxc3+ 9. Qxc3 cxd4 10. Qxd4 Bxf3 11. gxf3 Nc6 12. Qd6 e5 13. Bc2 Re8 14.
b3 b5 15. cxb5 Qa5+ 16. Bd2 Qxb5 17. Rg1 Re6 18. Qd3 Qxd3 19. Bxd3 d5 20.
b4 e4 21. fxe4 Ne5 22. Be2 dxe4 23. Bc3 g6 24. Bd4 Nc6 25. Bc5 Nd7 26. Rg5
Nce5 27. Bd4 h6 28. Rg3 Nc6 29. Bb2 Nb6 30. Rc1 Kf8 31. b5 Ne7 32. Rg1 Rd6
33. Bd4 Ke8 34. Bd1 Nf5 35. Bc5 Rc8 36. a4 Nd7 37. Ba3 Rxc1 38. Bxc1 Ne5
39. Ba3 Rd5 40. Be2 Nh4 41. Rg3 Nef3+ 42. Kf1 Rd2 43. b6 axb6 44. Bb5+ Kd8
45. Be2 Nxh2+ 46. Ke1 N2f3+ 47. Kf1 Ra2 0-1

[Event "1st Autumn"]
[Site "Alushta UKR"]
[Date "2004.08.31"]
[Round "5"]
[White "Danielian,E"]
[Black "Obukhov,A"]
[Result "1-0"]
[WhiteElo "2430"]
[BlackElo "2475"]
[EventDate "2004.08.28"]

1. d4 Nf6 2. Nf3 c5 3. e3 e6 4. Bd3 b6 5. O-O Bb7 6. c4 Be7 7. Nc3 cxd4 8.
exd4 d5 9. cxd5 Nxd5 10. Re1 O-O 11. Bc2 Nd7 12. Qd3 N7f6 13. a3 Qc7 14.
Nb5 Qb8 15. Ne5 Rd8 16. Bg5 a6 17. Nc3 g6 18. Qh3 Qd6 19. Nxd5 exd5 20. Qh4
Re8 21. Re3 Rac8 22. Bb3 Nh5 23. Bxe7 Rxe7 24. Rae1 Rec7 25. Bd1 Qf6 26.
Qxf6 Nxf6 27. f3 Nh5 28. Bb3 Nf4 29. g3 Ne6 30. Nxf7 Nxd4 31. Nd6 Rc1 32.
Nxc8 Rxe1+ 33. Rxe1 Nxf3+ 34. Kf2 Nxe1 35. Nxb6 Nd3+ 36. Ke3 Nxb2 37. Nxd5
Kg7 38. Kd2 Bxd5 39. Bxd5 Na4 40. Bc6 Nc5 41. Kc3 Kf6 42. Kc4 Ne6 43. Bb7
h5 44. Bxa6 h4 45. gxh4 Ke5 46. Bb7 Nd4 47. a4 Nf5 48. Kc5 Nd4 49. Bd5 1-0

[Event "1st Autumn"]
[Site "Alushta UKR"]
[Date "2004.08.31"]
[Round "5"]
[White "Paragua,M"]
[Black "Vokarev,S"]
[Result "1/2-1/2"]
[WhiteElo "2529"]
[BlackElo "2529"]
[EventDate "2004.08.28"]

1. e4 c5 2. Nf3 Nc6 3. d4 cxd4 4. Nxd4 g6 5. Nc3 Bg7 6. Be3 Nf6 7. Bc4 Qa5
8. O-O O-O 9. Bb3 d6 10. h3 Bd7 11. Re1 Rac8 12. Qe2 Nxd4 13. Bxd4 Bc6 14.
Rad1 Rfe8 15. Nd5 Nxd5 16. exd5 1/2-1/2

[Event "1st Autumn"]
[Site "Alushta UKR"]
[Date "2004.08.31"]
[Round "5"]
[White "Paramonov,D"]
[Black "Alexikov,A"]
[Result "0-1"]
[WhiteElo "2362"]
[BlackElo "2386"]
[EventDate "2004.08.28"]

1. e4 c5 2. Nf3 d6 3. d4 cxd4 4. Nxd4 Nf6 5. Nc3 a6 6. Be3 e5 7. Nb3 Be7 8.
Bg5 Nbd7 9. a4 b6 10. Bc4 Bb7 11. Qe2 O-O 12. O-O Qc7 13. Rfd1 Rfe8 14. Bd5
h6 0-1

[Event "1st Autumn"]
[Site "Alushta UKR"]
[Date "2004.08.31"]
[Round "5"]
[White "Ovetchkin,R"]
[Black "Kuzubov,Y"]
[Result "1-0"]
[WhiteElo "2475"]
[BlackElo "2467"]
[EventDate "2004.08.28"]

1. e4 c5 2. Nf3 Nc6 3. c3 Nf6 4. e5 Nd5 5. d4 cxd4 6. cxd4 d6 7. Bc4 e6 8.
a3 Be7 9. O-O O-O 10. Qe2 Qb6 11. Rd1 Na5 12. Bxd5 exd5 13. Nc3 Be6 14. Bg5
Rfe8 15. Bxe7 Rxe7 16. Qd3 h6 17. exd6 Qxd6 18. Ne5 Rc8 19. Re1 Nc4 20. Re2
a6 21. Rae1 Rec7 22. Nxc4 dxc4 23. Qd1 Bf5 24. Re5 Bd3 25. Nd5 Kh7 26. Nxc7
Rxc7 27. Qd2 Rc6 28. Qc3 Rb6 29. b4 Qg6 30. R1e3 Rd6 31. h3 b5 32. d5 Rd7
33. Qd4 Qd6 34. Qc5 f6 35. Qxd6 Rxd6 36. Re6 Rxd5 37. Rb6 Rd7 38. Ree6 Bf5
39. Rec6 Re7 40. Rc5 Bg6 41. Rxa6 Re1+ 42. Kh2 Rc1 43. Rac6 Ra1 44. Rxb5
Be8 45. Rbc5 Bxc6 46. Rxc6 Rxa3 47. Rxc4 Rb3 48. h4 h5 49. g3 Kg6 50. Kg2
Kh6 51. Rf4 Kg6 52. Kf1 Rb2 53. Ke1 Kf7 54. Kd1 Ke6 55. Kc1 Re2 56. b5 Kd6
57. Rf5 Ke6 58. Rxh5 Rxf2 59. b6 Kd7 60. Rc5 Rf1+ 61. Kb2 Rf2+ 62. Kb3 Rf1
63. Ka4 Kd6 64. Rc3 Ra1+ 65. Kb5 f5 66. b7 Rb1+ 67. Ka6 g6 68. Ka7 Ra1+ 69.
Kb8 Re1 70. Ra3 Kc6 71. Ka8 1-0

[Event "1st Autumn"]
[Site "Alushta UKR"]
[Date "2004.08.31"]
[Round "6"]
[White "Kobylkin,E"]
[Black "Kuzubov,Y"]
[Result "0-1"]
[WhiteElo "2444"]
[BlackElo "2467"]
[EventDate "2004.08.28"]

1. d4 Nf6 2. c4 e6 3. g3 d5 4. Bg2 c5 5. cxd5 exd5 6. Nf3 Nc6 7. O-O Be7 8.
Be3 cxd4 9. Nxd4 O-O 10. Nc3 Re8 11. Rc1 Bg4 12. Qa4 Qd7 13. Rfd1 Rad8 14.
a3 Bh3 15. Bf3 Ng4 16. Nxc6 bxc6 17. Qxa7 Nxe3 18. Qxe3 Bxa3 19. Qd2 Bf8
20. Qd4 Rb8 21. e3 Rb4 22. Qd2 Qb7 23. b3 Rxb3 24. Nxd5 Rb2 0-1

[Event "1st Autumn"]
[Site "Alushta UKR"]
[Date "2004.08.31"]
[Round "6"]
[White "Alexikov,A"]
[Black "Ovetchkin,R"]
[Result "1/2-1/2"]
[WhiteElo "2386"]
[BlackElo "2475"]
[EventDate "2004.08.28"]

1. e4 c6 2. d4 d5 3. Nc3 dxe4 4. Nxe4 Nf6 5. Nxf6+ gxf6 6. Nf3 Bg4 7. Be2
Qc7 8. Be3 Nd7 9. O-O O-O-O 10. Nh4 Bxe2 11. Qxe2 e6 12. c4 c5 13. Rfd1
cxd4 14. Bxd4 Bc5 15. Nf3 Bxd4 16. Rxd4 Ne5 17. Rad1 Nc6 18. Rxd8+ Rxd8 19.
Rxd8+ Qxd8 20. h4 h5 21. g3 Qa5 22. a3 Qf5 23. Kg2 a5 24. Qd2 Kc7 25. Qh6
e5 26. b4 axb4 27. axb4 Nxb4 28. Qf8 Nd3 29. Qxf7+ Kb8 30. Qf8+ Ka7 31.
Qa3+ Kb8 32. Qf8+ Kc7 33. Qf7+ Kb6 34. Qd5 Kc7 35. Qf7+ 1/2-1/2

[Event "1st Autumn"]
[Site "Alushta UKR"]
[Date "2004.08.31"]
[Round "6"]
[White "Vokarev,S"]
[Black "Paramonov,D"]
[Result "1/2-1/2"]
[WhiteElo "2529"]
[BlackElo "2362"]
[EventDate "2004.08.28"]

1. e4 c5 2. Nf3 d6 3. d4 cxd4 4. Nxd4 Nf6 5. f3 e5 6. Nb3 d5 7. Bg5 Be6 8.
Bxf6 gxf6 9. exd5 Qxd5 10. Qxd5 Bxd5 11. Nc3 Be6 12. O-O-O Nd7 13. Nb5 Kd8
14. Na5 Rb8 15. Bc4 Bb4 16. Bxe6 fxe6 17. Nc4 Ke7 18. Nxa7 Ra8 19. Nb5 Rxa2
20. c3 Rc8 21. Ncd6 Bxd6 22. Nxd6 Rc6 23. Kb1 Ra8 24. Ne4 f5 25. Nf2 h5 26.
Nd3 Rg8 27. Rd2 Rd6 28. Rhd1 e4 29. fxe4 fxe4 30. Ne1 Rxd2 31. Rxd2 Rf8 32.
Re2 Nf6 33. Nc2 Kd6 34. Ne3 b5 35. Nc2 Ke5 36. Nd4 Nd5 37. Nf3+ Rxf3 38.
gxf3 e3 39. Kc2 Kf4 40. Re1 Kxf3 41. Rf1+ Ke4 42. Rf8 Nf4 43. b3 e5 44. c4
bxc4 45. bxc4 Ne6 46. Re8 Nd4+ 47. Kd1 Kd3 48. Rxe5 e2+ 49. Kc1 Nb3+ 50.
Kb2 Nd2 51. Kc1 Nb3+ 52. Kb2 Nd2 53. Kc1 Nxc4 54. Re8 Nd2 55. Rd8+ Ke3 56.
Re8+ Ne4 57. Rxe4+ Kxe4 58. Kd2 Kf3 59. Ke1 Ke3 60. h3 1/2-1/2

[Event "1st Autumn"]
[Site "Alushta UKR"]
[Date "2004.08.31"]
[Round "6"]
[White "Obukhov,A"]
[Black "Paragua,M"]
[Result "1/2-1/2"]
[WhiteElo "2475"]
[BlackElo "2529"]
[EventDate "2004.08.28"]

1. Nf3 Nf6 2. g3 g6 3. Bg2 Bg7 4. O-O O-O 5. d4 d6 6. Re1 c5 7. c3 Ne4 8.
Nbd2 Nxd2 9. Bxd2 cxd4 10. cxd4 Na6 11. Qb3 Qb6 12. Qxb6 axb6 13. e3 Bd7
14. Rec1 Bc6 15. Bc3 Nc7 16. Ne1 Bxg2 17. Kxg2 Nd5 18. Nd3 e5 19. a3 exd4
20. Bxd4 Bxd4 21. exd4 Ra4 22. Ne1 Re8 23. Kf1 b5 24. Nf3 Rea8 25. Rd1 b4
26. Rd3 b5 27. Rb1 Kf8 28. axb4 Ke7 29. Ng5 f6 30. Re1+ Kd7 31. Ne4 Rxb4
32. Nc3 Nxc3 33. bxc3 Rb3 34. d5 Re8 35. Rxe8 Kxe8 36. g4 Kf7 37. Rh3 Kg7
38. Re3 b4 39. Re7+ Kh6 40. cxb4 Rxb4 41. Re6 Kg5 42. h3 f5 43. gxf5 Kxf5
44. Rxd6 h5 45. Kg2 Rd4 46. Rd8 Ke5 1/2-1/2

[Event "1st Autumn"]
[Site "Alushta UKR"]
[Date "2004.08.31"]
[Round "6"]
[White "Annageldyev,O"]
[Black "Danielian,E"]
[Result "1/2-1/2"]
[WhiteElo "2458"]
[BlackElo "2430"]
[EventDate "2004.08.28"]

1. d4 d5 2. c4 dxc4 3. Nf3 c6 4. e3 Be6 5. Nc3 b5 6. a4 b4 7. Ne4 Nf6 8.
Nc5 Bd5 9. Qc2 e6 10. Bxc4 Bxc5 11. dxc5 Nbd7 12. b3 Nxc5 13. O-O Be4 14.
Qb2 O-O 15. Bd2 a5 16. Rfd1 Qb6 17. Ne5 Rfd8 18. f3 Bd5 19. Be1 Ncd7 20.
Bxd5 Qxe3+ 21. Bf2 Qxe5 22. Bd4 Qc7 23. Bc4 c5 24. Bf2 Nb6 25. Qc2 Nxc4 26.
Qxc4 Rd5 27. Rac1 Rxd1+ 28. Rxd1 Nd5 29. Rc1 Rc8 30. g3 h6 31. Kg2 Qe5 32.
Qa6 Rf8 33. Qxa5 c4 34. Qb5 cxb3 35. Qd3 b2 36. Rb1 Ra8 37. Bd4 Qg5 38. Qc2
Nf4+ 39. Kg1 Qd5 40. Bxb2 Nh3+ 41. Kg2 Ng5 42. Qd1 Qf5 43. g4 Qf4 44. h4
Nh7 45. a5 Nf8 46. Qd4 Qxd4 47. Bxd4 Rxa5 48. Rxb4 e5 49. Bb2 Ne6 50. Kg3
h5 51. Rb8+ Kh7 52. Rb7 f6 53. gxh5 Ra2 54. Rb4 Nf4 55. Rb7 Nxh5+ 56. Kg4
Kg6 57. Rb6 Nf4 58. Bxe5 Nd5 59. h5+ Kh7 60. Rb5 Ne3+ 61. Kf4 Ng2+ 62. Kg3
fxe5 63. Rxe5 Kh6 64. Re7 Rb2 65. Re5 Ra2 66. Re7 Kxh5 67. Rxg7 Ne3 68. Kf4
Nd5+ 69. Ke5 Ra5 70. Rf7 Ne7+ 71. Kf6 Nd5+ 72. Kf5 Nc3+ 73. Kf6 Kh4 74. Rf8
Nd5+ 75. Ke6 Ne3 76. Rf4+ Kg3 77. Rf8 Ng2 78. Rf7 Nf4+ 79. Kd6 Ra6+ 80. Ke5
Re6+ 81. Kd4 Kxf3 82. Rf8 Re4+ 83. Kc5 Ke3 84. Ra8 Nd3+ 85. Kd6 Rd4+ 86.
Ke6 Ke4 87. Ra1 Nc5+ 88. Kf6 Rd6+ 89. Kg5 Ke5 90. Ra5 Rd5 91. Kg4 Ke4 92.
Rb5 Ke3 93. Ra5 Rd4+ 94. Kf5 Rf4+ 95. Ke5 Nd3+ 96. Ke6 Rh4 97. Ra3 Rh5 98.
Kd6 Kd4 99. Ra4+ Kc3 100. Rg4 Ne5 101. Rg7 Nc4+ 102. Kc6 Na5+ 103. Kd6 Nb3
104. Rf7 Kc4 105. Rg7 Nc5 106. Rg4+ Kd3 107. Rg1 Kd4 108. Rd1+ Nd3 109. Ke6
Ke4 110. Kf6 Rf5+ 111. Ke6 Ra5 112. Kf6 Rf5+ 113. Ke6 Nf4+ 114. Kd6 Rf6+
115. Kc5 Nd3+ 116. Kb5 Kd4 117. Rh1 Rf8 118. Kc6 Ne5+ 119. Kd6 Rf6+ 120.
Ke7 Ra6 121. Rd1+ Kc5 122. Rc1+ Nc4 123. Kd7 Kd5 124. Rd1+ Kc5 1/2-1/2

[Event "1st Autumn"]
[Site "Alushta UKR"]
[Date "2004.08.31"]
[Round "6"]
[White "Neelotpal,D"]
[Black "Khurtsidze,N"]
[Result "1/2-1/2"]
[WhiteElo "2448"]
[BlackElo "2391"]
[EventDate "2004.08.28"]

1. e4 c6 2. d4 d5 3. Nd2 dxe4 4. Nxe4 Bf5 5. Ng3 Bg6 6. h4 h6 7. Nf3 Nd7 8.
h5 Bh7 9. Bd3 Bxd3 10. Qxd3 e6 11. Bf4 Bb4+ 12. c3 Be7 13. O-O-O Ngf6 14.
Ne5 Nd5 15. Bd2 Bg5 16. Ne4 Bxd2+ 17. Rxd2 N7f6 18. Kb1 Nxe4 19. Qxe4 Qg5
20. f4 Qf5 21. Re2 O-O 22. g3 Qxe4+ 23. Rxe4 Rfd8 24. Re2 Rac8 25. Nd3 b6
26. Kc2 Nf6 27. Nf2 c5 28. dxc5 Rxc5 29. Ne4 Ra5 30. Nxf6+ gxf6 31. a3 Kf8
32. Rd2 Re8 33. Rf2 Ke7 34. Rd2 Rg8 35. Rd3 e5 36. b4 Rxa3 37. Kb2 Ra4 38.
Re1 a5 39. Kb3 b5 40. fxe5 axb4 41. exf6+ Kxf6 42. Rf3+ Kg5 43. Re5+ Kg4
44. Rxf7 bxc3 45. Rxb5 Ra6 46. Kxc3 Rg5 1/2-1/2

[Event "1st Autumn"]
[Site "Alushta UKR"]
[Date "2004.08.31"]
[Round "6"]
[White "Kalygin,S"]
[Black "Malaniuk,V"]
[Result "0-1"]
[WhiteElo "2440"]
[BlackElo "2555"]
[EventDate "2004.08.28"]

1. e4 e5 2. Nf3 Nc6 3. d4 exd4 4. Nxd4 Bc5 5. Nb3 Bb6 6. c4 d6 7. Nc3 Nge7
8. Be2 O-O 9. Na4 f5 10. Nxb6 axb6 11. exf5 Nxf5 12. O-O Qf6 13. a3 Be6 14.
Nd2 Nfd4 15. Bd3 Bf5 16. Nb3 Bxd3 17. Qxd3 Qf5 18. Qxf5 Rxf5 19. Nxd4 Nxd4
20. Be3 Nb3 21. Rad1 Ra4 22. Rd5 Rf7 23. Rb5 Na5 24. b3 Rxa3 25. Rb1 h6 26.
Kf1 Nxc4 27. Bc1 Ra2 28. bxc4 Rfxf2+ 29. Ke1 Rxg2 30. R5b2 Rxh2 31. Rxa2
Rxa2 32. Bb2 Ra5 33. Ke2 g5 34. Ke3 Rc5 35. Kd3 d5 36. cxd5 Rxd5+ 37. Kc2
Kf7 38. Rf1+ Kg6 39. Rf6+ Kh5 40. Bc1 Rd6 41. Rf7 Kg4 42. Ba3 Rd5 43. Rxc7
h5 44. Rxb7 b5 45. Rh7 h4 46. Bb4 Kh3 47. Rh6 Kg2 48. Be7 h3 49. Rh5 h2 50.
Bxg5 h1=Q 51. Rxh1 Kxh1 52. Bf6 Rc5+ 53. Kb3 Rc4 54. Be7 Kg2 55. Bf6 Kf3
56. Be7 Ke4 57. Ba3 Kd5 58. Be7 Rg4 59. Bd8 Rf4 60. Bc7 Re4 61. Bb6 Re1 62.
Ba5 Re3+ 63. Kb4 Kc6 64. Bd8 Re4+ 65. Kb3 Kc5 66. Bg5 b4 0-1

[Event "1st Autumn"]
[Site "Alushta UKR"]
[Date "2004.09.01"]
[Round "7"]
[White "Hasangatin,R"]
[Black "Kobylkin,E"]
[Result "0-1"]
[WhiteElo "2485"]
[BlackElo "2444"]
[EventDate "2004.08.28"]

1. e4 e6 2. d3 d5 3. Qe2 Nf6 4. g3 Be7 5. Bg2 b5 6. exd5 exd5 7. Nf3 O-O 8.
O-O Re8 9. Bf4 Ba3 10. Qxe8+ Nxe8 11. Nxa3 b4 12. Nb5 a6 13. Nbd4 Bb7 14.
Rfe1 Nc6 15. Nxc6 Bxc6 16. Nd4 Bb7 17. Re5 Nd6 18. Rae1 h6 19. Bxd5 Bxd5
20. Rxd5 Qd7 21. b3 Re8 22. Rxe8+ Qxe8 23. Bxd6 cxd6 24. Rxd6 Qe5 25. Rd8+
Kh7 26. h4 f5 27. Nf3 Qc7 28. Rd4 Qxc2 29. Rxb4 Qxd3 30. Kg2 Qd5 31. Rd4
Qb7 32. h5 Qf7 33. Rh4 Qd5 34. Rd4 Qf7 35. Rh4 Qd5 36. Rf4 a5 37. Rd4 Qf7
38. Rh4 Qd5 39. Rf4 Kg8 40. Kh2 Qf7 41. Rh4 f4 42. gxf4 Qf5 43. Kg3 Qc2 44.
Rg4 Qxa2 45. Nd4 Qa1 46. f5 Qg1+ 47. Kf4 Qxf2+ 48. Ke4 Qe1+ 49. Kf4 Qf1+
50. Ke5 Qh3 51. Rg6 Qxh5 52. Ne6 Qe2+ 53. Kd6 Qd3+ 54. Ke5 Qc3+ 55. Kd6
Qb4+ 56. Ke5 Qb8+ 57. Kd5 Qb7+ 58. Ke5 h5 59. Nxg7 Qc7+ 60. Kf6 Qd8+ 61.
Ke5 Kf7 62. Nxh5 Qb8+ 63. Ke4 Qb4+ 64. Ke5 Qe1+ 65. Kd5 Qd1+ 66. Kc5 Qxh5
67. Ra6 Qxf5+ 68. Kb6 Qe6+ 69. Kxa5 Qxb3 70. Rb6 Qc4 71. Rb4 Qc3 72. Kb5
Ke6 73. Rc4 Qb3+ 74. Kc5 Ke5 75. Rb4 Qd5+ 76. Kb6 Kd6 77. Rb5 Qd4+ 78. Kb7
Kd7 79. Rb6 Qd5+ 80. Kb8 Qe5+ 81. Kb7 Qe4+ 82. Kb8 Qd5 83. Rb1 Qe5+ 84. Ka7
Qd4+ 85. Kb8 Qf4+ 86. Ka7 Kc8 87. Rb5 Qd4+ 88. Ka6 Kc7 89. Rc5+ Kd6 90. Rc8
Qh4 91. Ka7 Kd7 92. Rb8 Qa4+ 93. Kb6 Qc6+ 94. Ka5 Qc3+ 95. Rb4 Kc6 96. Ka4
Qc2+ 97. Ka3 Kc5 98. Rb2 Qc3+ 99. Ka2 Kc4 100. Kb1 Qd4 101. Kc2 Qf2+ 102.
Kb1 Qe1+ 103. Ka2 Qd1 104. Rh2 Qb3+ 105. Ka1 Qa3+ 106. Kb1 Qd3+ 107. Ka2
Kc3 108. Rb2 Qd1 109. Rh2 Qd5+ 110. Ka1 Qa8+ 111. Kb1 Qb8+ 0-1

[Event "1st Autumn"]
[Site "Alushta UKR"]
[Date "2004.09.01"]
[Round "7"]
[White "Malaniuk,V"]
[Black "Tishin,D"]
[Result "1/2-1/2"]
[WhiteElo "2555"]
[BlackElo "2372"]
[EventDate "2004.08.28"]

1. d4 Nf6 2. Nf3 e6 3. e3 b6 4. Bd3 Bb7 5. O-O Be7 6. c4 O-O 7. Nc3 d5 8.
cxd5 exd5 9. b3 c5 10. Bb2 Nbd7 11. Rc1 Re8 12. Ne2 Bd6 13. Ng3 g6 14. Bb5
Re7 15. Re1 a6 16. Bf1 Re8 17. Ne2 Bf8 18. Nf4 Rc8 19. Rc2 Bg7 20. Qa1 Ne4
21. Rd1 Ng5 22. Nxg5 Qxg5 23. Be2 Red8 24. Rdc1 Qe7 25. Bf3 Nf8 26. dxc5
Bxb2 27. Qxb2 bxc5 28. h3 d4 29. Bxb7 Qxb7 30. exd4 Rxd4 31. Qxd4 cxd4 32.
Rxc8 Qe4 33. g3 Kg7 34. Rd8 Ne6 35. Nxe6+ fxe6 36. Rc7+ Kf6 37. Rcd7 Qe1+
38. Kg2 Qe4+ 39. Kh2 Qe2 40. Kg2 Qe4+ 1/2-1/2

[Event "1st Autumn"]
[Site "Alushta UKR"]
[Date "2004.09.01"]
[Round "7"]
[White "Danielian,E"]
[Black "Neelotpal,D"]
[Result "1/2-1/2"]
[WhiteElo "2430"]
[BlackElo "2448"]
[EventDate "2004.08.28"]

1. d4 d5 2. Nf3 Nf6 3. Bf4 g6 4. e3 Bg7 5. Nbd2 c5 6. Be2 Qb6 7. dxc5 Qxc5
8. O-O Nc6 9. c4 O-O 10. Rc1 dxc4 11. Nxc4 Rd8 12. Qb3 Qb4 13. Qxb4 Nxb4
14. a3 Nc6 15. Nfe5 Nxe5 16. Bxe5 Be6 17. Na5 Bd5 18. Rfd1 e6 19. f3 b6 20.
Nc6 Bxc6 21. Rxd8+ Rxd8 22. Rxc6 Ne8 23. Bxg7 Kxg7 24. Rc2 Rd7 25. Kf2 Kf6
26. h4 Ke7 27. e4 e5 28. Ke3 Rc7 29. Rxc7+ Nxc7 30. Bc4 h6 31. g3 1/2-1/2

[Event "1st Autumn"]
[Site "Alushta UKR"]
[Date "2004.09.01"]
[Round "7"]
[White "Paragua,M"]
[Black "Annageldyev,O"]
[Result "1-0"]
[WhiteElo "2529"]
[BlackElo "2458"]
[EventDate "2004.08.28"]

1. e4 c5 2. Nf3 Nc6 3. d4 cxd4 4. Nxd4 Qb6 5. Nb3 Nf6 6. Nc3 e6 7. Qe2 Bb4
8. Bd2 O-O 9. a3 Be7 10. e5 Nd5 11. O-O-O d6 12. exd6 Bxd6 13. g3 Nxc3 14.
Bxc3 Qc7 15. Bg2 e5 16. Bd5 Qe7 17. Bxc6 bxc6 18. Na5 Bc7 19. Nxc6 Qe6 20.
Qe4 Bb7 21. Ne7+ Qxe7 22. Qxb7 e4 23. Qb5 Rab8 24. Rd7 Qe6 25. Qg5 1-0

[Event "1st Autumn"]
[Site "Alushta UKR"]
[Date "2004.09.01"]
[Round "7"]
[White "Paramonov,D"]
[Black "Obukhov,A"]
[Result "1-0"]
[WhiteElo "2362"]
[BlackElo "2475"]
[EventDate "2004.08.28"]

1. e4 e5 2. Nf3 Nc6 3. d4 exd4 4. c3 Nf6 5. e5 Nd5 6. cxd4 Bb4+ 7. Bd2
Bxd2+ 8. Nbxd2 O-O 9. Qb3 Nb6 10. Be2 d6 11. O-O Qe7 12. Rfe1 dxe5 13. d5
Nd4 14. Nxd4 exd4 15. Bf3 Qd8 16. Rad1 Bf5 17. Ne4 Re8 18. Rxd4 c5 19. Rdd1
Bxe4 20. Rxe4 Qd6 21. a4 Rxe4 22. Bxe4 a5 23. Qb5 c4 24. g3 Kf8 25. Bf3 Qb4
26. d6 Qxb5 27. axb5 Rb8 28. Kf1 g6 29. Ke2 Ke8 30. Bd5 Na4 31. Ra1 Nxb2
32. Rxa5 c3 33. Ra3 Kd7 34. Rxc3 Na4 35. Rd3 Nc5 36. Rd1 Re8+ 37. Kf3 f6
38. h4 Ra8 39. Bc4 Ra3+ 40. Kg2 Rc3 41. Bg8 h6 42. Bh7 Rd3 43. Rxd3 Nxd3
44. Bxg6 Ne5 45. Be4 b6 46. f4 Nc4 47. g4 Kxd6 48. Kf3 Kc5 49. Bd3 Nd6 50.
Ke3 Kd5 51. Be2 Kc5 52. Bf1 Kd5 53. Bg2+ Kc5 54. Bc6 Nf7 55. Bd7 Kd5 56.
Be8 Nd6 57. Bc6+ Kc5 58. g5 fxg5 59. fxg5 hxg5 60. hxg5 Nc4+ 61. Ke4 Kd6
62. g6 Ke7 63. g7 Nd6+ 64. Kd5 1-0

[Event "1st Autumn"]
[Site "Alushta UKR"]
[Date "2004.09.01"]
[Round "7"]
[White "Kuzubov,Y"]
[Black "Alexikov,A"]
[Result "1-0"]
[WhiteElo "2467"]
[BlackElo "2386"]
[EventDate "2004.08.28"]

1. d4 Nf6 2. c4 e6 3. Nc3 Bb4 4. Qc2 d5 5. cxd5 exd5 6. Bg5 h6 7. Bh4 c5 8.
dxc5 g5 9. Bg3 Ne4 10. e3 Qa5 11. Nge2 Bf5 12. Be5 Nxc3 13. Qxf5 Nxe2+ 14.
Kxe2 O-O 15. Kf3 Nc6 16. Bf6 Rfe8 17. Bd3 1-0

[Event "1st Autumn"]
[Site "Alushta UKR"]
[Date "2004.09.02"]
[Round "8"]
[White "Kobylkin,E"]
[Black "Alexikov,A"]
[Result "1/2-1/2"]
[WhiteElo "2444"]
[BlackElo "2386"]
[EventDate "2004.08.28"]

1. d4 Nf6 2. c4 e6 3. Nc3 c5 4. d5 exd5 5. cxd5 d6 6. e4 g6 7. Nf3 Bg7 8.
Bd3 O-O 9. O-O a6 10. a4 Bg4 11. h3 Bxf3 12. Qxf3 Nbd7 13. Bd2 Ne5 14. Qe2
Nxd3 15. Qxd3 Re8 1/2-1/2

[Event "1st Autumn"]
[Site "Alushta UKR"]
[Date "2004.09.02"]
[Round "8"]
[White "Vokarev,S"]
[Black "Kuzubov,Y"]
[Result "0-1"]
[WhiteElo "2529"]
[BlackElo "2467"]
[EventDate "2004.08.28"]

1. e4 c5 2. Nf3 Nc6 3. d4 cxd4 4. Nxd4 Nf6 5. Nc3 e5 6. Ndb5 d6 7. Bg5 a6
8. Na3 b5 9. Bxf6 gxf6 10. Nd5 f5 11. g3 Bg7 12. Bg2 f4 13. c3 O-O 14. O-O
Ne7 15. Nxe7+ Qxe7 16. gxf4 exf4 17. Nc2 Be5 18. Nd4 Kh8 19. Kh1 Rg8 20.
Rg1 Bd7 21. Qd3 Rg6 22. Nf5 Qf6 23. Bf3 Rag8 24. Rad1 Be6 25. Rxg6 hxg6 26.
Nh6 Rg7 27. Ng4 Qh4 28. Nxe5 Rh7 29. Ng4 Bxg4 30. Kg1 Qxh2+ 31. Kf1 Bxf3
32. Qxf3 Rh3 33. Qg2 Qh1+ 34. Qxh1 Rxh1+ 35. Ke2 Rxd1 36. Kxd1 Kg7 37. Ke2
Kf6 38. Kd3 Ke5 39. b3 g5 40. f3 f5 0-1

[Event "1st Autumn"]
[Site "Alushta UKR"]
[Date "2004.09.02"]
[Round "8"]
[White "Neelotpal,D"]
[Black "Paragua,M"]
[Result "1-0"]
[WhiteElo "2448"]
[BlackElo "2529"]
[EventDate "2004.08.28"]

1. e4 c5 2. Nf3 d6 3. Bb5+ Nd7 4. d4 Ngf6 5. Nc3 a6 6. Bxd7+ Nxd7 7. O-O
cxd4 8. Qxd4 e6 9. Bg5 f6 10. Be3 Qc7 11. a4 Be7 12. a5 O-O 13. Qd3 Ne5 14.
Nxe5 dxe5 15. Bb6 Qc6 16. Ra4 Rf7 17. Rc4 Qd7 18. Rd1 Bf8 19. Qe2 1-0

[Event "1st Autumn"]
[Site "Alushta UKR"]
[Date "2004.09.02"]
[Round "8"]
[White "Kalygin,S"]
[Black "Danielian,E"]
[Result "1-0"]
[WhiteElo "2440"]
[BlackElo "2430"]
[EventDate "2004.08.28"]

1. e4 e6 2. d4 d5 3. Nc3 dxe4 4. Nxe4 Nd7 5. Bd3 Ngf6 6. Qe2 c5 7. Nxf6+
Nxf6 8. dxc5 Bxc5 9. Nf3 Qc7 10. O-O b6 11. Bb5+ Ke7 12. Ne5 Bb7 13. Bf4
Bd6 14. Rad1 Nd5 15. Bg3 f6 16. Nf3 Bxg3 17. hxg3 a6 18. Ba4 Rhd8 19. Rfe1
e5 20. Qe4 Kf8 21. Qxh7 Ne7 22. Qh8+ Kf7 23. Bb3+ Bd5 24. Rxd5 1-0

[Event "1st Autumn"]
[Site "Alushta UKR"]
[Date "2004.09.02"]
[Round "8"]
[White "Tishin,D"]
[Black "Khurtsidze,N"]
[Result "0-1"]
[WhiteElo "2372"]
[BlackElo "2391"]
[EventDate "2004.08.28"]

1. d4 d5 2. c4 c6 3. Nf3 Nf6 4. e3 a6 5. b3 Bg4 6. Be2 e6 7. Bb2 Bb4+ 8.
Nbd2 Ne4 9. a3 Bxf3 10. axb4 Bxg2 11. Rg1 Nxd2 12. Rxg2 Ne4 13. b5 O-O 14.
Bd3 f5 15. Qe2 Nd7 16. f3 Nd6 17. bxc6 bxc6 18. Ba3 Nf6 19. cxd5 cxd5 20.
Bc5 a5 21. Qd2 Re8 22. b4 axb4 23. Rxa8 Qxa8 24. Qxb4 0-1

[Event "1st Autumn"]
[Site "Alushta UKR"]
[Date "2004.09.02"]
[Round "8"]
[White "Hasangatin,R"]
[Black "Malaniuk,V"]
[Result "1/2-1/2"]
[WhiteElo "2485"]
[BlackElo "2555"]
[EventDate "2004.08.28"]

1. e4 e5 2. Nf3 Nc6 3. Bb5 a6 4. Bxc6 dxc6 5. Nc3 Qd6 6. d4 exd4 7. Qxd4
Nf6 8. Bd2 Bd7 9. O-O-O Ng4 10. Be1 f6 11. h3 Ne5 12. Qe3 Qc5 13. Qxc5 Bxc5
14. Nxe5 fxe5 15. f3 O-O-O 16. Bg3 Rde8 17. Rd3 Rhf8 18. Rhd1 Rf7 1/2-1/2

[Event "1st Autumn"]
[Site "Alushta UKR"]
[Date "2004.09.02"]
[Round "9"]
[White "Malaniuk,V"]
[Black "Kobylkin,E"]
[Result "1/2-1/2"]
[WhiteElo "2555"]
[BlackElo "2444"]
[EventDate "2004.08.28"]

1. d4 Nf6 2. c4 g6 3. Nc3 Bg7 4. e4 d6 5. Nf3 O-O 6. Be2 e5 7. dxe5 dxe5 8.
Qxd8 Rxd8 9. Bg5 Re8 10. Nd5 Nxd5 11. cxd5 c6 12. Bc4 b5 13. Bb3 1/2-1/2

[Event "1st Autumn"]
[Site "Alushta UKR"]
[Date "2004.09.02"]
[Round "9"]
[White "Khurtsidze,N"]
[Black "Hasangatin,R"]
[Result "1/2-1/2"]
[WhiteElo "2391"]
[BlackElo "2485"]
[EventDate "2004.08.28"]

1. d4 d5 2. c4 dxc4 3. Nf3 c6 4. e3 Be6 5. a4 Nf6 6. Na3 c5 7. Bxc4 Bxc4 8.
Nxc4 cxd4 9. Nxd4 Qd5 10. Qc2 Nc6 11. O-O Nxd4 12. exd4 e6 1/2-1/2

[Event "1st Autumn"]
[Site "Alushta UKR"]
[Date "2004.09.02"]
[Round "9"]
[White "Danielian,E"]
[Black "Tishin,D"]
[Result "0-1"]
[WhiteElo "2430"]
[BlackElo "2372"]
[EventDate "2004.08.28"]

1. d4 Nf6 2. Nf3 e6 3. e3 b6 4. Bd3 Bb7 5. O-O Be7 6. c4 c5 7. Nc3 d6 8. b3
O-O 9. d5 e5 10. e4 Ne8 11. Ne1 Bg5 12. Bb2 g6 13. g3 Bh6 14. Ng2 Nd7 15.
a3 a5 16. Qc2 Nc7 17. f4 f6 18. Qe2 Bg7 19. Ne3 Qe7 20. f5 g5 21. h4 h6 22.
Rf2 Qe8 23. Rh2 Kf7 24. hxg5 hxg5 25. Rh7 Rh8 26. Qh5+ Kg8 27. Rxh8+ Bxh8
28. Qh3 Bg7 29. Be2 Kf8 30. Kf2 Ke7 31. Rh1 Nf8 32. Bh5 Qd8 33. Bg6 Ba6 34.
a4 Bc8 35. Qh5 Bd7 36. Bc1 Be8 37. Ng4 Kd7 38. Bxe8+ Nxe8 39. Nb5 Qe7 40.
Ke2 Kd8 41. Be3 Nc7 42. Bxg5 Nxb5 43. cxb5 fxg5 44. f6 Bxf6 45. Nxf6 Qxf6
46. Rf1 Qg7 47. Rf7 Qg8 48. Qf3 Ke8 49. Rb7 Nd7 50. Qg4 Rd8 51. Ke3 Qg6 52.
Kd2 Qf7 53. Qxg5 Nf6 54. Rxf7 Nxe4+ 55. Ke3 Nxg5 56. Rb7 Rd7 57. Rb8+ Ke7
58. Rxb6 Nh7 59. Kd3 Nf6 60. Kc4 e4 61. Ra6 Nxd5 62. Rxa5 Nb4 63. Ra8 d5+
0-1